000 00444 a2200157 4500
001 75558
020 _a9788575554623
040 _cAnchieta - Colégio São Paulo
100 _aAlvarenga,Fernando Siqueira
240 1 0 _aA vida de lobos-marinhos, leões-marinhos , focas e morsas
_lpor
245 1 0 _aA vida de lobos-marinhos, leões-marinhos , focas e morsas
300 _a32
362 0 _a2017
650 4 _aLiteratura infantil
942 _cBK
999 _c75558
_d75558